Contemporary advertising / (Record no. 7921)

MARC details
000 -LEADER
fixed length control field 00381pam a2200145 a 4500
020 ## - INTERNATIONAL STANDARD BOOK NUMBER
ISBN 0256262535
050 00 - CALL NUMBER
Classification number HF5821
Item number .B62
100 1# - AUTHOR
Personal name Arens, William F.
245 10 - TITLE
Title Contemporary advertising /
Statement of responsibility, etc William F. Arens.
250 ## - EDITION
Edition statement 7th ed.
260 ## - PUBLICATION INFORMATION
Place of publication Boston :
Name of publisher Irwin /McGraw-Hill,
Year of publication c1999.
300 ## - DESCRIPTION
Number of Pages 1 v. (various pagings) ;
Dimensions 29 cm.
650 #0 - SUBJECTS
Topical Term Advertising.
942 ## - ADDED ENTRY ELEMENTS (KOHA)
Koha item type Books
Holdings
Withdrawn status Lost status Home library Current library Date acquired Full call number Accession Number Koha item type
    Methodist University Library Wenchi Faculty Methodist University Library Wenchi Faculty 19/10/2021 HF5821 .B62 25080 Books
Copyright © 2026  MUG Library